000 00473nam a22001937a 4500
001 BT-PhCST
003 BT-PhCST
005 20190204172202.0
008 161025b xxu||||| |||| 00| 0 eng d
020 _aNA
040 _aBT-PhCST
_cBT-PhCST
_dBT-PhCST
050 _aD3868
082 _222
_a006.6869
100 _aNA
245 _aAdobe Photoshop 5.0 /
260 _aUSA,
_bEastman Kodak Company,
_c 1998.
300 _aill. ;
_bviii,390 p. ;
_c21.5 cm
942 _2ddc
_cIT
999 _c6484
_d6484